Statistics for Top 20 Manchester United Goalscorers in the Premier League

Click here to take the quiz!

General Stats

  • This quiz has been taken 45 times
  • The average score is 17 of 20

Answer Stats

NPlayerNationalityGoals% Correct
4Cristiano RonaldoPortuguese103
100%
2Ryan GiggsWelsh114
100%
1Wayne RooneyEnglish183
100%
3Paul ScholesEnglish107
95%
5Ruud van NistelrooyDutch95
93%
12Dimitar BerbatovBulgarian48
90%
12Robin van PersieDutch48
88%
15Bruno FernandesPortuguese44
86%
7Ole Gunnar SolskjaerNorwegian91
86%
19Roy KeaneIrish33
86%
9Eric CantonaFrench64
83%
16Javier HernándezMexican37
83%
8Marcus RashfordEnglish76
83%
12Dwight YorkeTrinidad and Tobago48
81%
6Andy ColeEnglish93
79%
10Anthony MartialFrench62
79%
18Juan MataSpanish34
74%
10David BeckhamEnglish62
69%
17Mark HughesWelsh35
55%
20Teddy SherringhamEnglish31
45%

Score Distribution

Percentile by Number Answered

Percent of People with Each Score

Your Score History

You have not taken this quiz